Readings in international trade theory , policy and development
Spremljeno u:
| Glavni autor: | |
|---|---|
| Format: | Knjiga |
| Jezik: | Undetermined |
| Izdano: |
Metro Manila
Winrock International
1993
|
| Teme: | |
| Oznake: |
Dodaj oznaku
Bez oznaka, Budi prvi tko označuje ovaj zapis!
|
| Thư viện lưu trữ: | Trung tâm Học liệu Trường Đại học Cần Thơ |
|---|
| LEADER | 00562nam a2200181Ia 4500 | ||
|---|---|---|---|
| 001 | CTU_141342 | ||
| 008 | 210402s9999 xx 000 0 und d | ||
| 082 | |a 382.01 | ||
| 082 | |b I.61 | ||
| 100 | |a Intal, Ponciano S. | ||
| 245 | 0 | |a Readings in international trade theory , policy and development | |
| 245 | 0 | |c Ponciano S. Intal, Gerald C. Nelson | |
| 260 | |a Metro Manila | ||
| 260 | |b Winrock International | ||
| 260 | |c 1993 | ||
| 650 | |a Business,Kinh doanh | ||
| 650 | |x Research,Nghiên cứu | ||
| 980 | |a Trung tâm Học liệu Trường Đại học Cần Thơ | ||